📖💬 Paroles "La Génisse, la Chèvre et...." La Fontaine - Statistiques

Statistiques générales
  • Ce quiz a Ă©tĂ© pris 45 fois
  • Le rĂ©sultat moyen est 92 sur 153
Statistiques - réponses
Mots % Correct
C'
100%
c'
100%
Chèvre,
100%
Chèvre
100%
d'
100%
de
100%
est
100%
et
100%
Et
100%
Génisse,
100%
je
100%
Je
100%
l'
100%
le
100%
n'
100%
Ă 
92%
A
92%
a
92%
elle
92%
Elle
92%
en
92%
La
92%
la
92%
m'
92%
que
92%
se
92%
Si
92%
un
92%
une
92%
au
85%
Avec
85%
du
85%
il
85%
il ;
85%
les
85%
me
85%
on,
85%
on
85%
par
85%
plus
85%
pour
85%
Brebis,
77%
Ce
77%
Dans
77%
dit-
77%
dit :
77%
lui
77%
Comme
69%
leur
69%
ses
69%
tout
69%
vous
69%
Lion,
62%
Lion
62%
moi,
62%
Nous
62%
rien
54%
doit
46%
ĂŞtre
46%
Puis
46%
société,
46%
sommes
46%
fort.
38%
quelqu'
38%
abord.
31%
cela
31%
dire.
31%
encor :
31%
appelle
23%
droit
23%
droit,
23%
Eux
23%
savez,
23%
Sire ;
23%
temps
23%
Firent
15%
pris.
15%
Prit
15%
proie ;
15%
raison,
15%
Seigneur
15%
soeur
15%
aussitĂ´t
8%
autant
8%
Cerf
8%
commun
8%
compta,
8%
dépeça :
8%
étranglerai
8%
fier
8%
jadis,
8%
ongles
8%
partager
8%
première
8%
qualité
8%
quatre
8%
quatrième
8%
seconde
8%
touche
8%
troisième.
8%
trouva
8%
vaillant
8%
Vers
8%
voisinage,
8%
associés
0%
dommage.
0%
échoir
0%
envoie.
0%
gain
0%
lacs
0%
mirent
0%
parts
0%
prétends
0%
venus,
0%
Aucun quiz correspondant
Distribution des résultats
% des personnes avec chaque résultat
Percentile par nombre de réponses
Votre historique - résultats
Vous n’avez pas pris ce quiz